000
00336nam a2200133Ia 4500
008
240624s9999 xx 000 0 und d
041
_a
eng
082
_a
658.4063 DUT
100
_a
DUTTON JANE E
245
_a
ENERGIZE YOUR WORKPLACE HOW TO CREATE AN
260
_c
2006
_a
New Delhi
_b
Wiley India
300
_a
220 p.
365
_c
RS
_b
27
999
_c
31808
_d
31808